[Event "Europe Echecs Blitz May op"]
[Site "Europe Echecs INT"]
[Date "2021.05.09"]
[Round "11"]
[White "Davtian, Armen"]
[Black "Dalibert, Antony"]
[Result "1/2-1/2"]
[WhiteElo "1436"]
[BlackElo "1726"]
[PlyCount "195"]
[EventDate "2021.05.09"]
[EventType "swiss (blitz)"]
[EventRounds "11"]
[EventCountry "FRA"]
[SourceTitle "CBM 202 Extra"]
[Source "ChessBase"]
[SourceDate "2021.07.31"]
[SourceVersion "1"]
[SourceVersionDate "2021.07.31"]
[SourceQuality "1"]

1. d4 Nf6 2. c4 e6 3. e3 Bb4+ 4. Nc3 0-0 5. Nf3 c5 6. Be2 d5 7. cxd5 Nxd5 8. Bd2 cxd4 9. exd4 Bxc3 10. Bxc3 Nxc3 11. bxc3 Qa5 12. Qb3 Bd7 13. 0-0 Bc6 14. Ne5 Qd5 15. Qxd5 Bxd5 16. Bf3 Bxf3 17. Nxf3 Rc8 18. Rfc1 Nd7 19. Rab1 b6 20. c4 f6 21. Kf1 Kf7 22. Ke2 e5 23. dxe5 Nxe5 24. Nxe5+ fxe5 25. Rb5 Ke6 26. Ke3 Rc6 27. Ke4 Rc5 28. Rxc5 bxc5 29. Rd1 Rb8 30. Rd5 Rb2 31. Rxc5 Rxa2 32. Rxe5+ Kd7 33. Rf5 Rc2 34. Rf7+ Ke6 35. Rxa7 Rxc4+ 36. Kf3 Rc3+ 37. Kg4 Rc2 38. Kg3 Kf6 39. f3 h5 40. h4 Rb2 41. Kh3 Rb3 42. Ra5 Kg6 43. Rg5+ Kh6 44. Rg3 g6 45. f4 Rb4 46. Rf3 Rb5 47. g4 hxg4+ 48. Kxg4 Ra5 49. Re3 Ra4 50. Re6 Kg7 51. Re5 Kf7 52. Kg5 Kg7 53. Re6 Kf7 54. Rxg6 Ra5+ 55. f5 Ra4 56. Rf6+ Kg7 57. Rg6+ Kh7 58. h5 Ra1 59. f6 Rg1+ 60. Kf5 Rf1+ 61. Ke6 Re1+ 62. Kf7 Ra1 63. Rg4 Ra7+ 64. Ke6 Ra6+ 65. Kf5 Ra5+ 66. Kf4 Ra4+ 67. Kg5 Ra5+ 68. Kh4 Ra6 69. Rf4 Kg8 70. Kg5 Kf7 71. h6 Ra5+ 72. Rf5 Ra1 73. Rf4 Rg1+ 74. Kf5 Rh1 75. Re4 Rh5+ 76. Kg4 Rxh6 77. Kg5 Rh1 78. Re7+ Kf8 79. Re4 Rg1+ 80. Rg4 Rf1 81. Kg6 Rf2 82. Rg5 Rf1 83. Rh5 Rg1+ 84. Kf5 Rf1+ 85. Ke5 Re1+ 86. Kd6 Kf7 87. Rf5 Rd1+ 88. Ke5 Re1+ 89. Kf4 Rf1+ 90. Kg5 Rxf5+ 91. Kxf5 Kf8 92. Ke6 Ke8 93. Ke5 Kf8 94. Kf5 Kf7 95. Kg5 Kf8 96. Kg6 Kg8 97. f7+ Kf8 98. Kf6 1/2-1/2

[Event "Europe Echecs Blitz May op"]
[Site "Europe Echecs INT"]
[Date "2021.05.09"]
[Round "5"]
[White "Davtian, Armen"]
[Black "Kolodziejczyk, Stephane"]
[Result "1-0"]
[WhiteElo "1436"]
[BlackElo "2129"]
[PlyCount "39"]
[EventDate "2021.05.09"]
[EventType "swiss (blitz)"]
[EventRounds "11"]
[EventCountry "FRA"]
[SourceTitle "CBM 202 Extra"]
[Source "ChessBase"]
[SourceDate "2021.07.31"]
[SourceVersion "1"]
[SourceVersionDate "2021.07.31"]
[SourceQuality "1"]

1. d4 Nf6 2. c4 e6 3. e3 d5 4. Nf3 Be7 5. Nc3 0-0 6. cxd5 exd5 7. Bd3 c6 8. Qc2 h6 9. 0-0 Bg4 10. Ne5 Be6 11. f4 Nbd7 12. f5 Nxe5 13. dxe5 d4 14. exf6 Bxf6 15. fxe6 dxc3 16. exf7+ Kh8 17. bxc3 Rxf7 18. Ba3 Qb6 19. Rae1 Re8 20. Bg6 1-0

[Event "Europe Echecs Blitz May op"]
[Site "Europe Echecs INT"]
[Date "2021.05.09"]
[Round "7"]
[White "Davtian, Armen"]
[Black "Mabire, Manuel"]
[Result "0-1"]
[WhiteElo "1436"]
[BlackElo "1801"]
[PlyCount "138"]
[EventDate "2021.05.09"]
[EventType "swiss (blitz)"]
[EventRounds "11"]
[EventCountry "FRA"]
[SourceTitle "CBM 202 Extra"]
[Source "ChessBase"]
[SourceDate "2021.07.31"]
[SourceVersion "1"]
[SourceVersionDate "2021.07.31"]
[SourceQuality "1"]

1. d4 f5 2. c4 Nf6 3. e3 g6 4. Nf3 d6 5. Nc3 Bg7 6. Be2 c6 7. b3 0-0 8. Bb2 Nbd7 9. d5 cxd5 10. Nxd5 Nc5 11. Bxf6 Bxf6 12. Nxf6+ Rxf6 13. Nd4 e5 14. Nb5 a6 15. Nc3 Qa5 16. Qd2 Nxb3 17. Qd5+ Qxd5 18. Nxd5 Nxa1 19. Nxf6+ Kf7 20. Nxh7 Nc2+ 21. Kd2 Nb4 22. a3 Nc6 23. Ng5+ Kf6 24. Nf3 Be6 25. Rc1 Rd8 26. Ke1 d5 27. cxd5 Rxd5 28. Rb1 b5 29. Bd1 Rc5 30. Bb3 Bxb3 31. Rxb3 Rc1+ 32. Ke2 Rc2+ 33. Nd2 e4 34. Kd1 Ra2 35. Rc3 Ne5 36. h3 Ke6 37. g4 Nd3 38. Ke2 Kd5 39. gxf5 gxf5 40. h4 Ra1 41. Rxd3+ exd3+ 42. Kxd3 Rh1 43. Nf3 Rh3 44. Nd4 Rxh4 45. Nxf5 Ra4 46. Ne7+ Ke6 47. Nc8 Rxa3+ 48. Ke2 b4 49. Nb6 Rc3 50. Na4 Rc8 51. Kd3 b3 52. f3 Rc2 53. f4 Kf5 54. Nc5 Rxc5 55. Kd4 Rc1 56. e4+ Kxf4 57. e5 Re1 58. e6 b2 59. Kc3 b1Q 60. e7 Rxe7 61. Kd4 Qd1+ 62. Kc5 Rc7+ 63. Kb6 Rc2 64. Ka7 a5 65. Kb6 a4 66. Kb5 a3 67. Kb4 a2 68. Kb3 Qb1+ 69. Ka4 a1Q# 0-1